000 01109cab a2200301 4500
001 ABS59190
008 090401t1998 xxu||||| |||| 00| 0 eng d
035 _a(Sirsi) u88160
041 _aeng
100 _aEade, C.
245 _aGetting in on the Act
260 _c1998
350 _a0
490 _aProperty Week
_v63(17) 14 August 1998, 20-21(2)
520 _aReviews the findings of the government commisioned research, undertaken by Sheffield Hallam University, into the progress of flat owners attempting to purchase their freeholds. Comments on the low success rate, and sets out the recommendations put forward jointly by the Leasehold Advisory Service and the British Property Federation.
650 _aBPF
650 _aLANDLORDS
650 _aLEASEHOLD ADVISORY SERVICE
650 _aLEASEHOLD ENFRANCHISEMENT
650 _aLEASEHOLD REFORM, HOUSING AND URBAN DEVELOPMENT ACT 1993
650 _aLEGAL COSTS
650 _aPROFESSIONAL FEES
650 _aPROGRESS
650 _aTENANTS
690 _aLANDLORD AND TENANT-LEASEHOLD REFORM
942 _n0
948 _c26/08/1998
999 _c55696
_d55696